LEADER 02672nam 2200385 450 001 9910476797603321 005 20230512021940.0 035 $a(CKB)5470000000566570 035 $a(NjHacI)995470000000566570 035 $a(EXLCZ)995470000000566570 100 $a20230512d1996 uy 0 101 0 $aeng 135 $aur||||||||||| 181 $ctxt$2rdacontent 182 $cc$2rdamedia 183 $acr$2rdacarrier 200 10$aBudgetary Policy Modelling /$fDaniele Meulders, Pantelis Capros 210 1$a[Place of publication not identified] :$cTaylor & Francis,$d1996. 215 $a1 online resource 311 $a1-134-76600-9 327 $aINTRODUCTION -- Part I Theoretical aspects 1 PUBLIC EXPENDITURES, TAXES, DEBT AND ENDOGENOUS GROWTH 2 ENDOGENOUS GROWTH AND BUDGETARY POLICY IN THE OPEN ECONOMY -- Part II Public deficits and stabilization3 PROPOSALS FOR COMMUNITY STABILIZATION MECHANISMS: SOME HISTORICAL APPLICATIONS 4 SOME STOCHASTIC IMPLICATIONS OF THE GOVERNMENT'S BUDGET CONSTRAINT: AN EMPIRICAL ANALYSIS 5 CREDIT CONSTRAINTS AND THE EFFICIENCY OF BUDGETARY POLICY: THE PORTUGUESE CASE, 1958-88 6 STRUCTURAL ADJUSTMENT AND PUBLIC DEFICIT: A CGE MODELLING ANALYSIS FOR GREECE 7 PUBLIC DEFICITS AND INCOME DISTRIBUTION: RESULTS OF AN ECONOMETRIC BUSINESS CYCLE MODEL FOR THE FEDERAL REPUBLIC OF GERMANY -- Part III Structure of public expenditures and implications 8 PUBLIC SPENDING IN FEDERAL STATES: A COMPARATIVE ECONOMETRIC STUDY 9 CAUSALITY BETWEEN PUBLIC EXPENDITURE AND TAXATION: EVIDENCE FROM THE ITALIAN CASE 10 ON THE EFFICACY, EFFICIENCY AND EQUITY OF STATE SUPPORT IN BRITAIN. 330 $aThe focus of this volume is on the European context of public budget policy and a variety of different approaches are used - theoretical modelling, econometrics and applied general equilibrium modelling. Empirical evidence and case studies of European countries are contained in all the papers. The papers cover the four general themes of public budget policy: * economic stabilization, in view of the Economic and Monetary Union in the European Community * reinforcing structural change, involved in market liberalization and harmonization of economic structures * its distributional effects and implications for social equity * endogenous economic growth. 606 $aProgram budgeting 606 $aCommerce 615 0$aProgram budgeting. 615 0$aCommerce. 676 $a350.722 700 $aMeulders$b Daniele$0373970 702 $aCapros$b Pantelis 801 0$bNjHacI 801 1$bNjHacl 906 $aBOOK 912 $a9910476797603321 996 $aBudgetary Policy Modelling$93364368 997 $aUNINA LEADER 01059nam0 22002651i 450 001 UON00039472 005 20231205102139.266 100 $a20020107f1997 |0itac50 ba 101 $aita 102 $aIT 105 $a||||m ||||| 200 1 $a"Paradoxes of labour reform$eChinese labour theory and practice from socialism to the market"$fLuigi Tomba 210 $aSan Marino$cUniversita' di San Marino, Scuola Superiore di Studi Storici$d1997 215 $a249 p.$d30 c 300 $aTesi di dottorato 606 $aEconomia$xCina$xRiforme$xSec. 20.$3UONC014034$2FI 620 $dSan Marino$3UONL002272 686 $aCIN XII$cCINA - ECONOMIA$2A 700 1$aTOMBA$bLuigi$3UONV026202$0451145 801 $aIT$bSOL$c20250704$gRICA 899 $aSIBA - SISTEMA BIBLIOTECARIO DI ATENEO$2UONSI 912 $aUON00039472 950 $aSIBA - SISTEMA BIBLIOTECARIO DI ATENEO$dSI CIN XII 292 N $eSI SA 90140 5 292 N 996 $a"Paradoxes of labour reform$91155344 997 $aUNIOR